Welcome to the Holygrace Academy Library

Please use search bar below to get started

THE CALL OF THE WILD (Record no. 2968)

MARC details
000 -LEADER
fixed length control field 00425nam a22001577a 4500
020 ## - INTERNATIONAL STANDARD BOOK NUMBER
ISBN 978-81-7381-845
082 ## - DEWEY DECIMAL CLASSIFICATION NUMBER
Classification number 823
Item number LON/C
100 ## - MAIN ENTRY--AUTHOR NAME
Personal name LONDON, JACK
245 ## - TITLE STATEMENT
Title THE CALL OF THE WILD
Remainder of title ADAPTED BY TERRY O'BRIEN
246 ## - VARYING FORM OF TITLE
Title proper/short title THE CALL OF THE WILD
Remainder of title ADAPTED BY TERRY O'BRIEN
260 ## - PUBLICATION, DISTRIBUTION, ETC. (IMPRINT)
Place of publication KOLKATA
Name of publisher NEW CENTRAL BOOK AGENCY (P) LTD
Year of publication 2013
300 ## - PHYSICAL DESCRIPTION
Number of Pages 112
520 ## - SUMMARY, ETC.
Summary, etc SHORT STORY
650 ## - SUBJECT ADDED ENTRY--TOPICAL TERM
Topical Term SHORT STORY
942 ## - ADDED ENTRY ELEMENTS (KOHA)
Koha item type Books
Holdings
Withdrawn status Lost status Collection code Home library Current library Shelving location Date acquired Source of acquisition Cost, normal purchase price Full call number Accession Number Koha item type
    Fiction Main Library Main Library SHELF 4-F ENGLISH CLASSICS 17/01/2019 Purchase 65.00 823 LON/C 10476 Books